Estadísticas para Películas con más nominaciones a los premios Oscar

Haz click aquí para intentar la prueba.

Estadísticas generales

  • Esta prueba ha sido intentada 80 veces
  • La puntuación promedio es 3 de 9

Estadísticas de respuestas

Nº NominacionesAñoPelícula% Correcto
141997Titanic
90%
142016La La Land
58%
132001El Señor de los Anillos: La Comunidad del Anillo
57%
131939Lo Que el Viento se Llevó
57%
131994Forrest Gump
41%
132002Chicago
19%
141950Eva al Desnudo
16%
131964Mary Poppins
7%
132008El Curioso Caso de Benjamin Button
6%

Distribución de puntuación

Porcentaje por número respondido

Porcentaje de gente con cada puntuación

Historial de tus puntuaciones

No has intentado esta prueba.